| 000 | 00597nam a22002057a 4500 | ||
|---|---|---|---|
| 005 | 20251108164231.0 | ||
| 008 | 250721s1982 xx 000 0 ara d | ||
| 082 | 1 | 4 | _a620.1/ناش |
| 100 | 1 | _aناش، وليم أ | |
| 245 | 1 | 0 | _aنظريات و مسائل في مقاومة المواد / |
| 250 | _aط2. | ||
| 264 | 1 |
_aالقاهرة : _bماكروهيل، _c1982. |
|
| 300 | _a517ص | ||
| 490 | 0 | _aملخصات شوم | |
| 650 | 1 | 7 | _aالهندسة |
| 650 | 1 | 7 | _aالمواد الهندسية |
| 700 | 1 |
_aسلامه، عمرو عزت _eترجمة |
|
| 942 |
_2ddc _cBK |
||
| 999 |
_c7062 _d7062 |
||